000 01239nam a2200385 i 4500
001 10696
003 KOSZ 005
005 20200902123504.0
008 080213s1967 pl a f f 000 0 pol
015 _aPB 1967/6926
040 _aWA N
_cWA N
_dKOSZ 005/RW
_dKOSZ 005/HR
046 _k1967
080 _a691
080 _a624.131
080 _a(083.1)
245 0 0 _aPoradnik laboranta budowlanego :
_bpraca zbiorowa /
_caut. Lesław Brunarski [et al.].
250 _aWyd. 2 uzup. i rozsz.
260 _aWarszawa :
_b"Arkady",
_c1967.
300 _a1262 s. :
_bil. ;
_c18 cm.
336 _2rdacontent
_aTekst
_btxt
337 _2rdamedia
_aBez urządzenia pośredniczącego
_bn
338 _2rdacarrier
_aWolumin
_bnc
380 _aKsiążki
380 _aPublikacje fachowe
388 _a1901-2000
388 _a1945-1989
504 _aBibliogr. przy rozdz.
650 4 _aMateriały budowlane
650 4 _aMechanika gruntów
658 _aArchitektura i budownictwo
700 1 _aBrunarski, Lesław
_d(1929- )
_eAutor
710 2 _aWydawnictwo Arkady
_4pbl.
856 _uhttp://koha.tu.koszalin.pl/cgi-bin/koha/opac-detail.pl?biblionumber=10696
_yKatalog online BPK
942 _2UKD
_cKS
999 _c10696
_d10696